NBA Scoring Champs From Every Year - Statistics

General Stats
  • This quiz has been taken 44 times
  • The average score is 55 of 79
Answer Stats
Hint Answer % Correct
2007-08 LeBron James
100%
1986-87 Michael Jordan
96%
1987-88 Michael Jordan
96%
1988-89 Michael Jordan
96%
1989-90 Michael Jordan
96%
1990-91 Michael Jordan
96%
1991-92 Michael Jordan
96%
1992-93 Michael Jordan
96%
1995-96 Michael Jordan
96%
1996-97 Michael Jordan
96%
1997-98 Michael Jordan
96%
1959-60 Wilt Chamberlain
96%
1960-61 Wilt Chamberlain
96%
1961-62 Wilt Chamberlain
96%
1962-63 Wilt Chamberlain
96%
1963-64 Wilt Chamberlain
96%
1964-65 Wilt Chamberlain
96%
1965-66 Wilt Chamberlain
96%
2009-10 Kevin Durant
93%
2010-11 Kevin Durant
93%
2011-12 Kevin Durant
93%
2013-14 Kevin Durant
93%
2005-06 Kobe Bryant
93%
2006-07 Kobe Bryant
93%
2015-16 Steph Curry
93%
2020-21 Steph Curry
93%
2024-25 Shai Gilgeous-Alexander
89%
1994-95 Shaquille O'Neal
89%
1999-00 Shaquille O'Neal
89%
1969-70 Jerry West
86%
2023-24 Luka Doncic
86%
1998-99 Allen Iverson
82%
2000-01 Allen Iverson
82%
2001-02 Allen Iverson
82%
2004-05 Allen Iverson
82%
2017-18 James Harden
82%
2018-19 James Harden
82%
2019-20 James Harden
82%
2021-22 Joel Embiid
79%
2022-23 Joel Embiid
79%
2014-15 Russell Westbrook
79%
2016-17 Russell Westbrook
79%
1970-71 Kareem Abdul-Jabbar
75%
1971-72 Kareem Abdul-Jabbar
75%
1955-56 Bob Pettit
64%
1958-59 Bob Pettit
64%
1993-94 David Robinson
64%
1977-78 George Gervin
61%
1978-79 George Gervin
61%
1979-80 George Gervin
61%
1981-82 George Gervin
61%
2002-03 Tracy McGrady
61%
2003-04 Tracy McGrady
61%
2008-09 Dwyane Wade
57%
1967-68 Oscar Robertson
57%
1973-74 Bob McAdoo
50%
1974-75 Bob McAdoo
50%
1975-76 Bob McAdoo
50%
1966-67 Rick Barry
50%
1985-86 Dominique Wilkins
46%
1948-49 George Mikan
46%
1949-50 George Mikan
46%
1950-51 George MIkan
46%
2012-13 Carmelo Anthony
43%
1968-69 Elvin Hayes
43%
1976-77 Pete Maravich
39%
1982-83 Alex English
32%
1951-52 Paul Arizin
32%
1956-57 Paul Arizin
32%
1980-81 Adrian Dantley
29%
1983-84 Adrian Dantley
29%
1984-85 Bernard King
25%
1946-47 Joe Fulks
25%
1952-53 Neil Johnston
21%
1953-54 Neil Johnston
21%
1954-55 Neil Johnston
21%
1957-58 George Yardley
18%
1972-73 Nate Archibald
18%
1947-48 Max Zaslofsky
7%
No matching quizzes found
Score Distribution
Percent of People with Each Score
Percentile by Number Answered
Your Score History
You have not taken this quiz